00285nam a2200109Ia 4500008004100000100001900041245005100060250000800111260003200119300000800151650001600159191201s2012 xx 000 0 und d aPANDEY, Sujata 0aMultimedia System Technology and Communication a2nd aN. DelhibS.K.Katariac2012 a323 aB.Tech(ECE)